[Event "South Wales Winter Open"]
[Site "?"]
[Date "2025.01.19"]
[Round "5.11"]
[White "Wilkins, Zack"]
[Black "Thomas, Roy"]
[Result "0-1"]
[WhiteElo "1687"]
[BlackElo "1837"]
[PlyCount "50"]
[GameId "2149921642946724"]
[EventDate "2025.01.22"]

1. e4 c5 2. b4 cxb4 3. a3 d5 4. exd5 Qxd5 5. Nf3 e5 6. axb4 e4 7. Nc3 Qf5 8. Ra5 Qg6 9. Re5+ Be6 10. Nxe4 Be7 11. Bd3 Qh6 12. Nd4 Nc6 13. Bb5 Rc8 14. d3 Qg6 15. Nxe6 fxe6 16. Ng5 Bxb4+ 17. Kf1 Nge7 18. Nxe6 a6 19. Bxc6+ Rxc6 20. Qe2 Kd7 21. Nd4 Rc7 22. Ne6 Rcc8 23. Nf4 Qc6 24. Qg4+ Ke8 25. Nd5 Qxc2 0-1

[Event "South Wales Winter Open"]
[Site "?"]
[Date "2025.01.19"]
[Round "5.12"]
[White "Hollyman, Mike"]
[Black "Dixon, Chris"]
[Result "1/2-1/2"]
[WhiteElo "1632"]
[BlackElo "1785"]
[PlyCount "52"]
[GameId "2149921642946725"]
[EventDate "2025.01.22"]

1. c4 e6 2. e4 d5 3. cxd5 exd5 4. exd5 Nf6 5. Nc3 Nxd5 6. g3 Nxc3 7. bxc3 Bd6 8. Bg2 O-O 9. Ne2 Nc6 10. O-O Bg4 11. d4 Re8 12. Be3 Qd7 13. Qd2 Bh3 14. Nf4 Bxg2 15. Kxg2 Qf5 16. Rfb1 Qe4+ 17. Kg1 Na5 18. Qe2 Bxf4 19. gxf4 Re6 20. Rb5 Rg6+ 21. Rg5 Rxg5+ 22. fxg5 Re8 23. Re1 Qe6 24. Qb5 b6 25. Bd2 Qg4+ 26. Kf1 Qh3+ 1/2-1/2

[Event "South Wales Winter Open"]
[Site "?"]
[Date "2025.01.19"]
[Round "5.13"]
[White "Jansen Van Rensburg, Leon"]
[Black "Beeston, Darson"]
[Result "1-0"]
[WhiteElo "1707"]
[BlackElo "1777"]
[PlyCount "131"]
[GameId "2149921642946726"]
[EventDate "2025.01.22"]

1. e4 e5 2. Bc4 Nf6 3. Nc3 Nc6 4. f4 Bc5 5. Nf3 d6 6. Na4 Bb6 7. Nxb6 axb6 8. O-O O-O 9. f5 Nxe4 10. d3 Nf6 11. Bg5 Na5 12. Nd2 Bd7 13. Qe1 b5 14. Bd5 c6 15. Bf3 c5 16. Ne4 Bxf5 17. Nxf6+ gxf6 18. Bh6 Re8 19. Bxb7 Nxb7 20. Rxf5 Kh8 21. Qh4 Rg8 22. Raf1 Ra4 23. Qh5 Rg6 24. R1f3 Qa8 25. Rh3 Rf4 26. Rxf4 exf4 27. Qe2 Qd8 28. Bxf4 Qd7 29. Re3 Qg4 30. Qxg4 Rxg4 31. Re7 Rxf4 32. Rxb7 b4 33. Rxf7 Kg8 34. Rd7 Rd4 35. Kf2 f5 36. g3 h5 37. Ke3 h4 38. c3 hxg3 39. hxg3 bxc3 40. bxc3 Rd5 41. a4 Kf8 42. c4 Re5+ 43. Kf4 Re1 44. Rxd6 Ke7 45. Rd5 Ke6 46. Rxc5 Ra1 47. a5 Rd1 48. Rd5 Ra1 49. g4 Rf1+ 50. Kg5 f4 51. a6 f3 52. Ra5 f2 53. a7 Rg1 54. a8=Q Rxg4+ 55. Kxg4 f1=Q 56. Qe4+ Kd7 57. Qf5+ Qxf5+ 58. Kxf5 Ke7 59. d4 Kd6 60. Rb5 Kc6 61. Ke6 Kc7 62. Ke7 Kc6 63. d5+ Kc7 64. d6+ Kc6 65. d7 Kc7 66. d8=Q+ 1-0

[Event "S Wales Winter, Major"]
[Site "Bridgend"]
[Date "2025.01.17"]
[Round "1"]
[Board "1"]
[White "Heatman, Jordan"]
[Black "Bull, Jack"]
[Result "0-1"]
[WhiteElo "1812"]
[BlackElo "1564"]
[PlyCount "116"]
[GameId "2149557553750441"]
[EventDate "2025.01.17"]
[EventType "swiss"]
[EventRounds "5"]
[EventCountry "WLS"]

1. e4 d5 2. exd5 Qxd5 3. Nc3 Qd8 4. d4 Nf6 5. Nf3 Nc6 6. h3 Bf5 7. Bb5 a6 8. Bxc6+ bxc6 9. Ne5 Qd6 10. Qf3 Bd7 11. Bf4 Qxd4 12. Nxc6 Qb6 13. Ne5 c6 14. Nxd7 Nxd7 15. O-O e5 16. Rfe1 f6 17. Be3 Qxb2 18. Qxc6 Rd8 19. Qe6+ Be7 20. Nd5 Qa3 21. c4 Qd6 22. Qg4 g6 23. Rad1 f5 24. Qg3 O-O 25. Bg5 Bxg5 26. Qxg5 Qa3 27. Nc7 Kf7 28. Nd5 Kg7 29. Nb6 Nf6 30. Rxd8 Rxd8 31. Rxe5 Qd6 32. Qe3 f4 33. Qc5 Qxc5 34. Rxc5 Rd1+ 35. Kh2 Rd2 36. Ra5 Rxf2 37. Rxa6 Rc2 38. Nd5 Nxd5 39. cxd5 f3 40. Kg1 Rxg2+ 41. Kf1 Rh2 42. d6 Rxh3 43. d7 Rh1+ 44. Kf2 Rd1 45. Ra7 Kf6 46. Kxf3 Ke6 47. d8=N+ Rxd8 48. Rxh7 Rd3+ 49. Ke2 Ra3 50. Rh1 Rxa2+ 51. Kf3 Kf5 52. Rg1 g5 53. Kg3 Ra3+ 54. Kh2 g4 55. Rg2 Kf4 56. Rg1 g3+ 57. Kh3 Rb3 58. Rxg3 Rxg3+ 0-1

[Event "S Wales Winter, Major"]
[Site "Bridgend"]
[Date "2025.01.17"]
[Round "1"]
[Board "2"]
[White "Belochkin, David"]
[Black "Jones, Steve"]
[Result "0-1"]
[WhiteElo "1563"]
[BlackElo "1791"]
[PlyCount "66"]
[GameId "2149560588845496"]
[EventDate "2025.01.17"]
[EventType "swiss"]
[EventRounds "5"]
[EventCountry "WLS"]

1. d4 Nf6 2. Nf3 e6 3. Bf4 c5 4. e3 cxd4 5. exd4 Qb6 6. b3 Nc6 7. Nbd2 Bb4 8. a3 Bc3 9. Rb1 Nxd4 10. Nxd4 Qxd4 11. Be3 Qd6 12. a4 Nd5 13. Qf3 Nb4 14. Bf4 Bxd2+ 15. Bxd2 Nxc2+ 16. Kd1 Nd4 17. Qg3 Nf5 18. Qxd6 Nxd6 19. Bb4 Ne4 20. Ke1 a5 21. Ba3 b6 22. f3 Nc5 23. Bb5 O-O 24. Ke2 Rd8 25. Bxc5 bxc5 26. Kd3 Ba6 27. Kc4 d6 28. Rhd1 Kf8 29. Bxa6 Rxa6 30. Kb5 Raa8 31. Kc6 Ke7 32. g4 Rab8 33. h4 Rdc8# 0-1

[Event "S Wales Winter, Major"]
[Site "Bridgend"]
[Date "2025.01.17"]
[Round "1"]
[Board "3"]
[White "Di-Vetta, Andrew"]
[Black "Thompson, Chris"]
[Result "1-0"]
[WhiteElo "1787"]
[BlackElo "1563"]
[PlyCount "57"]
[GameId "2149561379959236"]
[EventDate "2025.01.17"]
[EventType "swiss"]
[EventRounds "5"]
[EventCountry "WLS"]

{[%evp 0,57,11,21,28,40,19,6,35,11,1,16,-2,0,-3,-8,20,13,5,33,39,17,-13,-11,22,-10,14,-9,0,-5,-17,16,0,113,23,-20,-49,-29,20,36,33,27,14,93,14,-6,28,28,46,34,34,68,166,433,444,457,525,493,1220,1273]} 1. e4 c6 2. Nf3 d5 3. Nc3 Bg4 4. exd5 cxd5 5. Bb5+ Nc6 6. O-O Nf6 7. d3 h6 8. Re1 a6 9. Bxc6+ bxc6 10. Bf4 e6 11. h3 Bxf3 12. Qxf3 Bd6 13. Re2 O-O 14. Rae1 Bxf4 15. Qxf4 Re8 16. Na4 Rb8 17. b4 a5 18. a3 Rb7 19. Nc5 Rbe7 20. c3 Qc7 21. Qxc7 Rxc7 22. bxa5 Ra7 23. a6 Nd7 24. Nxd7 Rxd7 25. Rb2 Ra8 26. Rb7 Rdd8 27. a7 Kf8 28. Reb1 Rac8 29. Rb8 1-0

[Event "S Wales Winter, Major"]
[Site "Bridgend"]
[Date "2025.01.17"]
[Round "1"]
[Board "4"]
[White "Hanczar, Csombor"]
[Black "Havard, Gwyn"]
[Result "0-1"]
[WhiteElo "1562"]
[BlackElo "1784"]
[PlyCount "40"]
[GameId "2149562654077474"]
[EventDate "2025.01.17"]
[EventType "swiss"]
[EventRounds "5"]
[EventCountry "WLS"]

1. Nf3 d5 2. g3 c5 3. Bg2 Nc6 4. O-O e5 5. d3 Be6 6. Na3 Nf6 7. c4 h6 8. cxd5 Nxd5 9. b3 Be7 10. Bb2 Bf6 11. Rc1 b6 12. Nb5 Rc8 13. Rc2 Qd7 14. a3 Na5 15. Nc3 Nxc3 16. Bxc3 Bxb3 17. Nxe5 Bxe5 18. Bxe5 O-O 19. Bf3 f6 20. Bb2 Qa4 0-1

[Event "S Wales Winter, Major"]
[Site "Bridgend"]
[Date "2025.01.17"]
[Round "1"]
[Board "5"]
[White "Smith, Andrew R"]
[Black "Wright, Randall"]
[Result "1/2-1/2"]
[WhiteElo "1779"]
[BlackElo "1535"]
[PlyCount "110"]
[GameId "2149563602108975"]
[EventDate "2025.01.17"]
[EventType "swiss"]
[EventRounds "5"]
[EventCountry "WLS"]

{[%evp 0,80,17,22,9,31,29,9,28,80,17,0,-19,-17,-9,5,0,-10,-10,0,-3,16,19,12,-19,5,6,14,20,19,-57,-6,7,5,8,10,13,8,19,6,20,6,32,44,-9,39,68,67,97,137,114,276,203,275,270,152,360,93,232,78,181,93,75,80,91,146,78,20,50,-118,-121,-116,-42,-105,-21,-26,18,-30,96,90,-135,43,41]} 1. e4 c5 2. Nf3 Nc6 3. d4 cxd4 4. Nxd4 e5 5. Nf3 Nf6 6. Bg5 h6 7. Bxf6 Qxf6 8. Bc4 Bc5 9. Nc3 O-O 10. Nd5 Qd8 11. O-O d6 12. h3 Be6 13. c3 a6 14. b4 Ba7 15. Qd2 Ne7 16. Rad1 Re8 17. Bb3 Ng6 18. c4 Qd7 19. Kh2 Kh7 20. Ne1 f5 21. exf5 Bxf5 22. Nc2 Rf8 23. Nce3 Be6 24. Bc2 Qf7 25. Qd3 Bxd5 26. Nxd5 Rae8 27. Qe4 Re6 28. Qg4 Kh8 29. f3 Bd4 30. Rfe1 Nf4 31. Be4 g6 32. g3 Nh5 33. h4 Bf2 34. Rg1 Bxg1+ 35. Kxg1 Ng7 36. Ne3 h5 37. Qg5 Kg8 38. Bd5 Qf6 39. Qxf6 Rfxf6 40. Kg2 Kf8 41. Bxe6 Rxe6 42. Nd5 Nf5 43. Kf2 Nd4 44. Rd2 Re8 45. Nc7 Rc8 46. Nd5 Rxc4 47. a3 Rc2 48. Rxc2 Nxc2 49. a4 Nd4 50. Ke3 Nf5+ 51. Kf2 Nd4 52. Ke3 b5 53. a5 Nc6 54. Ke4 Kf7 55. f4 exf4 1/2-1/2

[Event "S Wales Winter, Major"]
[Site "Bridgend"]
[Date "2025.01.17"]
[Round "1"]
[Board "6"]
[White "Stannard, Mike"]
[Black "Browse, Joseph"]
[Result "0-1"]
[WhiteElo "1526"]
[BlackElo "1756"]
[PlyCount "89"]
[GameId "2149565152019005"]
[EventDate "2025.01.17"]
[EventType "swiss"]
[EventRounds "5"]
[EventCountry "WLS"]

1. d4 d5 2. Nc3 Nf6 3. Bf4 c5 4. e4 Nxe4 5. Nxe4 dxe4 6. dxc5 Qa5+ 7. c3 Qxc5 8. Qa4+ Nc6 9. Qxe4 g6 10. Be3 Qa5 11. Nf3 Bg7 12. Bd2 O-O 13. Bc4 Bf5 14. Qd5 Qc7 15. Bb5 Na5 16. Nd4 Rfd8 17. Qf3 Bxd4 18. cxd4 Rxd4 19. Bc3 Re4+ 20. Be2 Nc4 21. O-O {(=)} Rh4 22. Qg3 Rf4 23. Bxc4 Rxc4 24. Rfe1 f6 25. Qe3 e5 26. Rad1 Bc2 27. Rd2 Re4 28. Qxe4 Bxe4 29. Rxe4 Rd8 30. Rxd8+ Qxd8 31. g3 Qd1+ 32. Re1 Qa4 33. a3 b5 34. Re2 a5 35. Rd2 b4 36. Rd8+ Kf7 37. axb4 axb4 38. Bd2 Ke7 39. Rd3 Qc2 40. Bxb4+ Ke8 41. Rd2 Qb1+ 42. Kg2 Qe4+ 43. Kg1 Qxb4 44. Re2 Qc4 45. Kg2 0-1

[Event "S Wales Winter, Major"]
[Site "Bridgend"]
[Date "2025.01.17"]
[Round "1"]
[Board "7"]
[White "Forsey, Tomas"]
[Black "Holland, Wayne"]
[Result "1-0"]
[WhiteElo "1727"]
[BlackElo "1513"]
[PlyCount "97"]
[GameId "2149566756627080"]
[EventDate "2025.01.17"]
[EventType "swiss"]
[EventRounds "5"]
[EventCountry "WLS"]

1. c4 e5 2. Nc3 Nf6 3. Nf3 Nc6 4. a3 Bc5 5. e3 d5 6. b4 d4 7. exd4 exd4 8. Nb5 a6 9. bxc5 axb5 10. Bd3 bxc4 11. Bxc4 O-O 12. O-O Re8 13. h3 Ra5 14. Qb3 Re7 15. a4 Ne4 16. d3 Nxc5 17. Qd1 Be6 18. Bg5 f6 19. Bd2 Ra8 20. Bb5 Nb3 21. Rb1 Nxd2 22. Qxd2 Qd7 23. Bxc6 bxc6 24. a5 Qd5 25. Qb4 c5 26. Qa3 Ra6 27. Nd2 Qa2 28. Qxc5 Kf7 29. Qh5+ g6 30. Qxh7+ Kf8 31. Rb8+ Re8 32. Rxe8+ Kxe8 33. Qxg6+ Bf7 34. Re1+ Re6 35. Rxe6+ Qxe6 36. Qe4 Kd7 37. Qxd4+ Qd5 38. Qxd5+ Bxd5 39. Ne4 Ke6 40. f4 Kf5 41. g3 Kg6 42. Kf2 f5 43. Nc5 Kh5 44. a6 Ba8 45. a7 Kg6 46. Ne6 Kf6 47. Nxc7 Bb7 48. a8=Q Bxa8 49. Nxa8 1-0

[Event "S Wales Winter, Major"]
[Site "Bridgend"]
[Date "2025.01.17"]
[Round "1"]
[Board "8"]
[White "Zheng, Lucas"]
[Black "OGorman, Brendan"]
[Result "0-1"]
[WhiteElo "1506"]
[BlackElo "1723"]
[PlyCount "140"]
[GameId "2149568299856538"]
[EventDate "2025.01.17"]
[EventType "swiss"]
[EventRounds "5"]
[EventCountry "WLS"]

1. e4 c5 2. Nf3 e6 3. d4 cxd4 4. Nxd4 Nf6 5. Nc3 Nc6 6. Be3 Bb4 7. Nxc6 bxc6 8. Bd2 O-O 9. a3 Be7 10. Bd3 d5 11. e5 Nd7 12. Qh5 g6 13. Qe2 c5 14. b3 Qc7 15. Bh6 Rd8 16. f4 Qa5 17. Qd2 c4 18. Be2 Bb7 19. O-O d4 20. Ne4 Qxd2 21. Nxd2 d3 22. Bf3 Bxf3 23. Rxf3 dxc2 24. Nxc4 Nb6 25. Nxb6 axb6 26. b4 Rd1+ 27. Rf1 Rxa1 28. Rxa1 Rxa3 29. Rc1 Rc3 30. f5 Bxb4 31. Ra1 c1=Q+ 32. Bxc1 gxf5 33. Bh6 Rc8 34. Rb1 Bc5+ 35. Kf1 Bd4 36. Rb4 Bxe5 37. Rxb6 Bxh2 38. Rb3 Be5 39. Ke2 f6 40. Rb7 Rc7 41. Rb8+ Kf7 42. Rf8+ Kg6 43. Bd2 f4 44. Ra8 Kf5 45. Ra5 Rd7 46. Be1 Rb7 47. Kf3 Rb3+ 48. Ke2 Rb7 49. Kf3 h5 50. Ke2 Kg4 51. Ra4 Rb2+ 52. Kf1 Kf5 53. Rb4 Rxb4 54. Bxb4 Ke4 55. Ke2 Bd4 56. Bd2 f5 57. Bc1 e5 58. Bd2 Be3 59. Bc3 Kd5 60. g3 Ke4 61. gxf4 Bxf4 62. Be1 Bg5 63. Bf2 h4 64. Kf1 Kf3 65. Bg1 e4 66. Bc5 h3 67. Bg1 Bh4 68. Bh2 Bg3 69. Bxg3 Kxg3 70. Kg1 e3 0-1

[Event "S Wales Winter, Major"]
[Site "Bridgend"]
[Date "2025.01.17"]
[Round "1"]
[Board "9"]
[White "Sharhorodsky, Yaroslav"]
[Black "George, Naveen Daniel"]
[Result "0-1"]
[WhiteElo "1723"]
[BlackElo "1496"]
[PlyCount "112"]
[GameId "2149571441705642"]
[EventDate "2025.01.17"]
[EventType "swiss"]
[EventRounds "5"]
[EventCountry "WLS"]

{[%evp 0,112,11,25,23,29,12,-1,17,10,13,10,18,8,7,6,8,-14,4,-65,-60,-41,13,-2,-38,1,7,20,21,-20,-23,-13,-14,-79,48,-77,-110,98,-64,-36,-21,43,27,-40,-131,-31,-43,-360,-490,-405,-396,-399,-388,-392,-458,-431,-430,-448,-371,-189,-375,-468,-235,-308,-405,-421,-357,-396,-369,-383,-433,-457,-443,-281,-456,-474,-504,-472,-278,-335,-260,-270,-197,-170,-144,-173,-70,-267,-317,-205,-306,-249,-248,-314,-400,-389,-471,-305,-314,-444,-497,-488,-507,-509,-508,-517,-405,-325,-330,-317,-316,-557,-557,-547,-547]} 1. e4 c5 2. Nf3 d6 3. d4 cxd4 4. Nxd4 Nf6 5. Nc3 a6 6. Bc4 e6 7. Qe2 Be7 8. Be3 O-O 9. O-O-O b5 10. Bb3 Bd7 11. a3 Nc6 12. Nxc6 Bxc6 13. e5 Ne8 14. Qg4 Qc7 15. exd6 Nxd6 16. Bh6 Bf6 17. Rd3 Nf5 18. Bf4 Be5 19. Ne2 Rfd8 20. Rhd1 Bxf4+ 21. Nxf4 Rxd3 22. Rxd3 Qe5 23. f3 Qe1+ 24. Rd1 Qxd1+ 25. Kxd1 Ne3+ 26. Ke2 Nxg4 27. fxg4 g5 28. Nh5 h6 29. g3 Rd8 30. c4 bxc4 31. Bxc4 Bb5 32. Bxb5 axb5 33. Nf6+ Kg7 34. Ne4 Rd4 35. Ke3 Rd1 36. Nc3 Rh1 37. Nxb5 Rxh2 38. b4 Rb2 39. Nd6 Rb3+ 40. Kd4 Rxa3 41. b5 Rb3 42. Kc5 Kf8 43. Ne4 Ke7 44. b6 Kd7 45. Nf6+ Kd8 46. Ne4 f5 47. gxf5 exf5 48. Nd6 f4 49. gxf4 gxf4 50. Nf7+ Kc8 51. Nxh6 Kb7 52. Ng4 Rxb6 53. Kd5 f3 54. Ke4 Rb3 55. Nh2 f2 56. Nf1 Rb1 0-1

[Event "S Wales Winter, Major"]
[Site "Bridgend"]
[Date "2025.01.17"]
[Round "1"]
[Board "10"]
[White "Limesdale, Jacob"]
[Black "Larg, Richard"]
[Result "1-0"]
[WhiteElo "1467"]
[BlackElo "1712"]
[PlyCount "120"]
[GameId "2149573964858039"]
[EventDate "2025.01.17"]
[EventType "swiss"]
[EventRounds "5"]
[EventCountry "WLS"]

1. d4 d5 2. Nc3 Nf6 3. Bf4 c6 4. e3 e6 5. Nf3 Bb4 6. a3 Bxc3+ 7. bxc3 Ne4 8. Bd3 Nxc3 9. Qc1 Ne4 10. O-O O-O 11. Bxe4 dxe4 12. Ng5 Qd5 13. c4 Qf5 14. Qc2 h6 15. Nxe4 Nd7 16. Rfc1 Nf6 17. Nd6 Qxc2 18. Rxc2 g5 19. Be5 Nd7 20. Bg3 f5 21. Re2 Nf6 22. Rb1 Ne4 23. Nxe4 fxe4 24. Be5 h5 25. Rb4 b6 26. Rd2 Bb7 27. c5 b5 28. a4 a6 29. h3 Kf7 30. g4 Kg6 31. axb5 axb5 32. Rb1 Ra4 33. Kg2 h4 34. Rf1 Rf3 35. Rb1 Rf8 36. Rbb2 Rfa8 37. f3 exf3+ 38. Kxf3 Ra3 39. Ke4 Rf8 40. Rf2 Raa8 41. Bd6 Rxf2 42. Rxf2 b4 43. Ke5 Bc8 44. Rb2 Ra4 45. e4 Bd7 46. d5 exd5 47. exd5 Ra3 48. dxc6 Bxc6 49. Rxb4 Rxh3 50. Rb6 Re3+ 51. Kd4 Re4+ 52. Kd3 Rxg4 53. Rxc6 Kf5 54. Rb6 h3 55. c6 Rh4 56. c7 Rh8 57. Rb8 Rxb8 58. cxb8=Q g4 59. Qf8+ Kg5 60. Bf4+ Kh5 1-0

[Event "S Wales Winter, Major"]
[Site "Bridgend"]
[Date "2025.01.17"]
[Round "1"]
[Board "11"]
[White "Hurn, Robert Aj"]
[Black "Edwards, Jonathan Simon"]
[Result "1-0"]
[WhiteElo "1682"]
[BlackElo "1466"]
[PlyCount "82"]
[GameId "2149576700498639"]
[EventDate "2025.01.17"]
[EventType "swiss"]
[EventRounds "5"]
[EventCountry "WLS"]

1. d4 Nf6 2. c4 e5 3. dxe5 Ng4 4. Nf3 d6 5. Bf4 Nc6 6. exd6 cxd6 7. Nc3 Be6 8. e3 Be7 9. Be2 O-O 10. h3 Nf6 11. O-O a6 12. Rc1 Qc7 13. Nd5 Qd8 14. Nxe7+ Nxe7 15. Bxd6 Re8 16. Ng5 Bf5 17. c5 h6 18. Nf3 Nc6 19. Bc4 Bg6 20. Nh4 Kh7 21. a3 Re4 22. Nxg6 fxg6 23. Bd3 Re6 24. Qc2 Qe8 25. b4 Qf7 26. Bc4 Qe8 27. Bxe6 Qxe6 28. Qc4 Qf5 29. f3 Qd7 30. e4 b5 31. Qc3 Nh5 32. Rcd1 Qf7 33. Rfe1 Nf4 34. Bxf4 Qxf4 35. Rd6 Rc8 36. e5 Nd8 37. Qd3 Nf7 38. Qxg6+ Kg8 39. Rd7 Rf8 40. e6 Qf6 41. Qxf6 gxf6 1-0

[Event "S Wales Winter, Major"]
[Site "Bridgend"]
[Date "2025.01.17"]
[Round "1"]
[Board "12"]
[White "Keable, stephen"]
[Black "Powell-Jones, Liam"]
[Result "1/2-1/2"]
[WhiteElo "1461"]
[BlackElo "1681"]
[PlyCount "66"]
[GameId "2149578063856504"]
[EventDate "2025.01.17"]
[EventType "swiss"]
[EventRounds "5"]
[EventCountry "WLS"]

1. d4 Nf6 2. c4 e6 3. Nc3 Bb4 4. a3 Bxc3+ 5. bxc3 O-O 6. Nf3 b6 7. Bg5 d6 8. e3 Nbd7 9. Be2 h6 10. Bh4 Bb7 11. O-O g5 12. Bg3 Ne4 13. Qc2 f5 14. Nd2 Ndf6 15. Bd3 Qe7 16. Nxe4 Nxe4 17. Bxe4 Bxe4 18. Qe2 Kh7 19. f3 Bb7 20. e4 f4 21. Bf2 Qf7 22. Qa2 Ba6 23. d5 exd5 24. exd5 Qd7 25. Rfe1 Qf5 26. Rad1 Rae8 27. h3 h5 28. Rxe8 Rxe8 29. Rd4 Qg6 30. Qd2 Qb1+ 31. Kh2 Qf1 32. Qc2+ Kh6 33. Qf5 Re5 1/2-1/2

[Event "S Wales Winter, Major"]
[Site "Bridgend"]
[Date "2025.01.17"]
[Round "1"]
[Board "13"]
[White "Williams, Stephen"]
[Black "Hill, Glyn"]
[Result "1-0"]
[WhiteElo "1666"]
[BlackElo "1431"]
[PlyCount "101"]
[GameId "2149579067458448"]
[EventDate "2025.01.17"]
[EventType "swiss"]
[EventRounds "5"]
[EventCountry "WLS"]

1. e4 c6 2. d4 d6 3. Nc3 Nf6 4. f4 e6 5. Nf3 d5 6. e5 Ne4 7. Nxe4 dxe4 8. Ng5 c5 9. Be3 Nc6 10. dxc5 Qa5+ 11. c3 Bxc5 12. b4 Nxb4 13. cxb4 Bxb4+ 14. Bd2 Bxd2+ 15. Qxd2 Qxd2+ 16. Kxd2 O-O 17. Nxe4 b6 18. Bd3 Bb7 19. Rhc1 Rfd8 20. Ke3 Rac8 21. g3 Bd5 22. a4 a5 23. Nd6 Rxc1 24. Rxc1 g6 25. Rc8 Rxc8 26. Nxc8 Bb7 27. Nxb6 Kf8 28. Nc4 Bc6 29. Bc2 Ke7 30. Nxa5 Bd5 31. Bd3 Kd8 32. Bb5 Kc7 33. Nc4 Bxc4 34. Bxc4 Kb6 35. Bb5 Ka5 36. Be8 Kb4 37. Bxf7 Kxa4 38. Bxe6 Kb5 39. Bd7+ Kc5 40. Ke4 Kb6 41. g4 Kc7 42. Be6 Kd8 43. f5 Ke7 44. Bg8 h5 45. f6+ Kf8 46. Be6 h4 47. g5 h3 48. Bd7 Kf7 49. e6+ Kg8 50. e7 Kh7 51. f7 1-0

[Event "S Wales Winter, Major"]
[Site "Bridgend"]
[Date "2025.01.17"]
[Round "1"]
[Board "15"]
[White "Peters, Chris"]
[Black "Burton, Henry"]
[Result "0-1"]
[WhiteElo "1653"]
[BlackElo "1386"]
[PlyCount "73"]
[GameId "2150344636052824"]
[EventDate "2025.01.17"]
[EventType "swiss"]
[EventRounds "5"]
[EventCountry "WLS"]

1. e4 e5 2. Nf3 Nc6 3. Bb5 Nf6 4. Nc3 Bc5 5. O-O O-O 6. d3 h6 7. Be3 Bxe3 8. fxe3 Re8 9. Nd5 Nxd5 10. exd5 Ne7 11. Nxe5 f6 12. Ng4 Nxd5 13. Bc4 c6 14. e4 a5 15. a4 Qb6+ 16. Kh1 Qxb2 17. exd5 b5 18. axb5 cxb5 19. Rb1 Qd4 20. Rxb5 d6 21. Rb1 Bxg4 22. Qd2 Re2 23. Qf4 Qxf4 24. Rxf4 Bd7 25. Kg1 Rxc2 26. Rb7 Bc8 27. Rb6 a4 28. Rf2 Rc3 29. Rxd6 a3 30. Rb6 Rc1+ 31. Rf1 Rxf1+ 32. Kxf1 a2 33. d6+ Kh7 34. Bxa2 Rxa2 35. Rb8 Bd7 36. Rb7 Bf5 37. d4 0-1

[Event "S Wales Winter, Major"]
[Site "Bridgend"]
[Date "2025.01.17"]
[Round "1"]
[Board "16"]
[White "Morris, Adam"]
[Black "Ramzan, Timur"]
[Result "1-0"]
[WhiteElo "1346"]
[BlackElo "1624"]
[PlyCount "99"]
[GameId "2150346322601334"]
[EventDate "2025.01.17"]
[EventType "swiss"]
[EventRounds "5"]
[EventCountry "WLS"]

1. e4 c6 2. d4 d5 3. e5 Bf5 4. h4 h5 5. Bg5 Qc7 6. Bd3 Bxd3 7. Qxd3 e6 8. Nf3 Ne7 9. Nbd2 Nd7 10. O-O Nf5 11. c4 Nb6 12. Rac1 dxc4 13. Nxc4 Nd5 14. Ne3 Nfxe3 15. fxe3 Qd7 16. e4 Nb6 17. Rfd1 Be7 18. Qb3 O-O 19. a4 Rad8 20. a5 Na8 21. Rd2 Bxg5 22. Nxg5 Qe7 23. Rcd1 Rd7 24. d5 Rfd8 25. dxc6 Rxd2 26. Rxd2 bxc6 27. Rf2 Rf8 28. Qf3 g6 29. Qe3 Kg7 30. Qc3 c5 31. Qe3 Nc7 32. Rf6 Nb5 33. Nh3 Qc7 34. Qg5 Qxa5 35. Nf4 Qe1+ 36. Kh2 Qxe4 37. Nxh5+ Kh7 38. g4 Nd4 39. Rf4 Qe2+ 40. Kg3 Qe1+ 41. Kg2 Qe2+ 42. Kg3 Qe3+ 43. Kg2 Ne2 44. Rxf7+ Rxf7 45. Qxe3 Nd4 46. Nf6+ Kg7 47. h5 gxh5 48. Qg5+ Kf8 49. Qg8+ Ke7 50. Qe8# 1-0

[Event "S Wales Winter, Major"]
[Site "Bridgend"]
[Date "2025.01.17"]
[Round "1"]
[Board "17"]
[White "Williams, John A"]
[Black "Hanczar, Mabon"]
[Result "1-0"]
[WhiteElo "1611"]
[BlackElo "1310"]
[PlyCount "77"]
[GameId "2150348815607186"]
[EventDate "2025.01.17"]
[EventType "swiss"]
[EventRounds "5"]
[EventCountry "WLS"]

1. d4 d5 2. c4 e5 3. dxe5 c6 4. Nf3 Bf5 5. Nc3 Bc5 6. cxd5 cxd5 7. Qxd5 Qxd5 8. Nxd5 Bb6 9. e3 f6 10. Nxb6 axb6 11. exf6 Nxf6 12. Bc4 b5 13. Bxb5+ Nc6 14. Nd4 Be4 15. f3 Bd5 16. e4 Bc4 17. Bxc4 Nxd4 18. O-O Rd8 19. Bg5 Ke7 20. e5 Rc8 21. Bd3 h6 22. exf6+ gxf6 23. Rfe1+ Kf7 24. Be3 Nc6 25. Bc4+ Kf8 26. Rad1 Rh7 27. Bc5+ Kg7 28. b4 Kh8 29. Rd6 Rg7 30. Rxf6 b6 31. Rxh6+ Rh7 32. Rxh7+ Kxh7 33. Bxb6 Nxb4 34. Re7+ Kg6 35. Bb3 Rc1+ 36. Kf2 Nd3+ 37. Kg3 Rc6 38. Re6+ Rxe6 39. Bxe6 1-0

[Event "S Wales Winter, Major"]
[Site "Bridgend"]
[Date "2025.01.17"]
[Round "1"]
[Board "18"]
[White "Phillips, Antony"]
[Black "Murthy, Arush"]
[Result "0-1"]
[WhiteElo "1310"]
[BlackElo "1577"]
[PlyCount "56"]
[GameId "2150349906019759"]
[EventDate "2025.01.17"]
[EventType "swiss"]
[EventRounds "5"]
[EventCountry "WLS"]

1. e4 d5 2. exd5 Nf6 3. Nc3 Nxd5 4. Nxd5 Qxd5 5. Nf3 e5 6. d3 Bc5 7. Be2 Nc6 8. O-O O-O 9. Be3 h6 10. Bxc5 Qxc5 11. Re1 Bf5 12. Qd2 Rad8 13. Qc3 Qe7 14. Rad1 Rfe8 15. Bf1 Bg4 16. Be2 Nd4 17. Qd2 Bxf3 18. Bxf3 Nxf3+ 19. gxf3 Qf6 20. Qe3 a6 21. Kh1 e4 22. fxe4 Qxb2 23. Rg1 Kh8 24. Qg3 Qc3 25. Qf4 Re7 26. d4 Rxd4 27. Rxg7 Rxd1+ 28. Kg2 Qxg7+ 0-1

[Event "S Wales Winter, Major"]
[Site "Bridgend"]
[Date "2025.01.17"]
[Round "1"]
[Board "19"]
[White "Colcombe, Joshua"]
[Black "Phillips, Joshua"]
[Result "1-0"]
[WhiteElo "1570"]
[BlackElo "1310"]
[PlyCount "51"]
[GameId "2150350839969229"]
[EventDate "2025.01.17"]
[EventType "swiss"]
[EventRounds "5"]
[EventCountry "WLS"]

1. d4 d5 2. e3 c5 3. c3 Nc6 4. f4 Nf6 5. Bd3 Bg4 6. Nf3 e6 7. Nbd2 Bd6 8. O-O O-O 9. Qe1 Re8 10. Ne5 cxd4 11. exd4 Bf5 12. Rf3 Bxd3 13. Rxd3 Bxe5 14. fxe5 Ng4 15. Nf3 f5 16. exf6 Qxf6 17. Bg5 Qf5 18. Rd2 e5 19. h3 exd4 20. Qg3 Nge5 21. Nxe5 Rxe5 22. Bf4 Re4 23. Rf2 dxc3 24. bxc3 d4 25. Raf1 Rae8 26. Bd6 1-0